000 00608nam a22001697a 4500
003 UA-OsUOA
001 19501
007 ta
008 20040829b un ||||| |||| 00| 0 ukr d
100 _aКоваленко І.
942 _cSA
040 _aUA-OsUOA
_cUA-OsUOA
_dUA-OsUOA
245 _aНа природу! До сонця , до трав!
_bРівнен. худож. взяли участь у худож. пленері в Польщі
_cКоваленко І.
955 _a0
773 0 _w0
_tНова Волинь
_dРівне
_d2004
_g№33/19 серп./
650 7 _aКраєзнавча робота
_2UDC
999 _c305672
_d305672